| 000 | 01136nam a2200289Ia 4500 | ||
|---|---|---|---|
| 003 | OSt | ||
| 005 | 20220930092735.0 | ||
| 006 | a|||||r|||| 00| 0 | ||
| 007 | ta | ||
| 008 | 220926b |||||||| |||| 00| 0 eng d | ||
| 024 | _a24250 | ||
| 037 | _cTheses | ||
| 040 |
_aCRL _cCRL _beng |
||
| 041 |
_2eng _aeng |
||
| 100 |
_aSahu Ajitesh _9549607 |
||
| 110 | _aUniversity OF Delhi. Faculty OF Medical Sciences. Department OF Anaesthesiology | ||
| 245 | 0 |
_aEfficacy of pulsed radiofrequency lesioning of intercostal nerves for the management of postherpetic neuralgia _b a prospective randomized, double- blind, controlled study |
|
| 260 | _c2015 | ||
| 650 |
_aANESTHETICS _9519569 |
||
| 700 |
_a Dr. Archana Singal Gu. _9535897 |
||
| 700 |
_a Dr. Arun Kumar Sharma Gu. _9537111 |
||
| 700 |
_a Dr. Ashok Kumar Gu. _9532098 |
||
| 700 |
_a Dr. B. D. Banaerjee Gu. _9549608 |
||
| 700 | _aUniversity OF Delhi. Faculty OF Medical Sciences. Department OF Anaesthesiology | ||
| 942 |
_cDIS _2CC |
||
| 999 |
_c884226 _d884226 |
||